| 000 | 00792nam a22001937a 4500 | ||
|---|---|---|---|
| 999 |
_c9721 _d9721 |
||
| 003 | AR-CdUCM | ||
| 008 | 190328b ||||| |||| 00| 0 spa d | ||
| 040 |
_aMUNICIPALIDAD PROVINCIAL DEL CUSCO _cBIBLIOTECA MUNICIPAL DEL CUSCO |
||
| 082 |
_a338.9 / _bR76 |
||
| 100 |
_aRoel Pineda, Virgilio L. _91860 |
||
| 245 |
_aLa planificación económica : _bSus técnicas y problemas / |
||
| 260 |
_aLima : _c1963. |
||
| 300 |
_a268 paginas ; _c21 cm. |
||
| 500 | _aDonación familia Nieto. | ||
| 505 | _aContenido :Política económica y planificación -- Los principios de la planificación económica -- Demografía cuantitativa, proyecciones demográficas -- Los modelos dinámicos -- Las proyecciones a plazo ... | ||
| 650 |
_aPolítica económica _91407 |
||
| 942 |
_2ddc _cLIBROS |
||
| 945 | _arum | ||